00689nam a22002057a 450000500170000001000130001702000240003003500130005403700160006704000120008308200150009510000180011024501160012826000380024427000390028230000270032150000500034865000390039865000460043720170124105955.0 aB-222316 c1100.00a8185032025 aB-222316 bCen Lib/Ret aDPLbEN a230.1bGOS aGoswami, Asha aIn the foot-steps of krsna researchers in krsna lore :bbased on the mahabharata and puranas /cby Asha Goswami aNew DelhibY.R.Publicationsc2005 bNew Delhia7694, G.T. Roade110007 axxii,460p. :c22cm(Hb) aIncludes bibliographical references and index aThe path of Karma and Krsna's gift aThe Indian tradition and Krisna's Dvaraka